| 000 | 00927cam a22002895i 4500 | ||
|---|---|---|---|
| 999 |
_c28701 _d28672 |
||
| 001 | 011725693 | ||
| 003 | EG-ScBUE | ||
| 005 | 20200909140528.0 | ||
| 008 | 020418s2001 stka f 001 0 eng d | ||
| 020 | _a0702022721 (pbk.) | ||
| 020 | _a9780702022722 | ||
| 040 |
_aUk _beng _erda _cUk _dEG-ScBUE |
||
| 082 | 0 | 4 |
_a615.1 _bWAL _222 |
| 100 | 1 |
_aWaller, Derek, _eauthor. |
|
| 245 | 1 | 0 |
_aMedical pharmacology and therapeutics / _cDerek G. Waller, Andrew G. Renwick, Keith Hillier. |
| 264 | 1 |
_aEdinburgh : _bW. B. Saunders, _c2001. |
|
| 300 |
_axi, 653 pages : _bcolor illustrations ; _c27 cm |
||
| 336 |
_atext _btxt _2rdacontent |
||
| 337 |
_aunmediated _bn _2rdamedia |
||
| 338 |
_avolume _bnc _2rdacarrier |
||
| 500 | _aIncludes index. | ||
| 650 | 7 |
_aPharmacology. _2BUEsh |
|
| 653 |
_bPPhrm _cSeptember2020 |
||
| 700 | 1 |
_aRenwick, Andrew G., _eauthor. |
|
| 700 | 1 |
_aHillier, Keith, _d1943- _eauthor. _919456 |
|
| 942 |
_2ddc _cBB |
||